[Event "GER-chT U18 Girls"]
[Site "Germany"]
[Date "2012.05.05"]
[Round "6.3"]
[White "Zander, Carolin"]
[Black "Liez, Tatjana"]
[Result "0-1"]
[WhiteElo "800"]
[BlackElo "1500"]
[PlyCount "68"]
[EventDate "2012.05.04"]
[EventType "team-swiss"]
[EventRounds "7"]
[EventCountry "GER"]
[SourceTitle "EXT 2014"]
[Source "ChessBase"]
[SourceDate "2013.11.20"]
[SourceVersion "1"]
[SourceVersionDate "2013.11.20"]
[SourceQuality "1"]
[WhiteTeam "Magdeburg WvSG (W)"]
[BlackTeam "Limburg Mariens (W)"]
[WhiteTeamCountry "GER"]
[BlackTeamCountry "GER"]

1. e4 e5 2. Nf3 Nc6 3. Bc4 Bc5 4. d3 h6 5. Be3 Bb6 6. Nc3 d6 7. d4 exd4 8. Nxd4 Ne5 9. Qe2 Nf6 10. f3 0-0 11. 0-0-0 Qe8 12. g4 Nxc4 13. Qxc4 Be6 14. Qe2 Nd7 15. h4 Bxd4 16. Bxd4 Ne5 17. Bxe5 dxe5 18. Rhg1 Rd8 19. Rxd8 Qxd8 20. g5 h5 21. g6 Qxh4 22. gxf7+ Rxf7 23. Qe1 Qxe1+ 24. Rxe1 Rxf3 25. Nb5 a6 26. Nxc7 Bd7 27. Nd5 Kf7 28. Rh1 g6 29. Nb6 Bc6 30. Nc4 Ke6 31. Re1 Rf4 32. Nd2 g5 33. Re3 g4 34. Kd1 h4 0-1

[Event "GER-chT U18 Girls"]
[Site "Germany"]
[Date "2012.05.04"]
[Round "3.3"]
[White "Zelbel, Chantal"]
[Black "Zander, Carolin"]
[Result "0-1"]
[WhiteElo "976"]
[BlackElo "800"]
[PlyCount "148"]
[EventDate "2012.05.04"]
[EventType "team-swiss"]
[EventRounds "7"]
[EventCountry "GER"]
[SourceTitle "EXT 2014"]
[Source "ChessBase"]
[SourceDate "2013.11.20"]
[SourceVersion "1"]
[SourceVersionDate "2013.11.20"]
[SourceQuality "1"]
[WhiteTeam "Dortmund Kleiner Koenig (W)"]
[BlackTeam "Magdeburg WvSG (W)"]
[WhiteTeamCountry "GER"]
[BlackTeamCountry "GER"]

1. d4 d5 2. Nc3 Nf6 3. Bf4 Bf5 4. Nb5 Kd7 5. Nxc7 Nc6 6. Nxa8 Qxa8 7. Nf3 e6 8. Ne5+ Nxe5 9. Bxe5 Be7 10. e3 Ng4 11. Bb5+ Kc8 12. Bxg7 Rg8 13. Be5 Nxe5 14. dxe5 f6 15. Qd4 Qb8 16. exf6 Bd6 17. f7 Rf8 18. Qg7 Qc7 19. Qc3 Rxf7 20. Qh8+ Rf8 21. Qc3 a6 22. Qxc7+ Kxc7 23. Bd3 Bg4 24. Bxh7 Rf7 25. Bd3 e5 26. f3 Bh5 27. e4 dxe4 28. Bxe4 Bc5 29. 0-0-0 b5 30. Rd5 Be3+ 31. Kb1 Re7 32. Re1 Bg5 33. Rc5+ Kb6 34. Rc6+ Ka7 35. g4 Be8 36. Rc8 Kb6 37. Rd1 Ka5 38. a3 Bd7 39. b4+ Kb6 40. Rb8+ Kc7 41. Rb7+ Kd8 42. Bf5 Ke8 43. Bxd7+ Kf7 44. Be6+ Kxe6 45. Rxe7+ Kxe7 46. Rd5 Ke6 47. Rd8 Bxd8 48. Kc1 Kd5 49. Kd2 Kd4 50. h3 Bg5+ 51. Kd1 Ke3 52. Kc1 Kxf3+ 53. Kb2 Be7 54. Kb3 e4 55. a4 a5 56. bxa5 Bc5 57. axb5 e3 58. Kc4 e2 59. Kxc5 e1Q 60. b6 Qxa5+ 61. Kc6 Qc3+ 62. Kb5 Qc8 63. c4 Ke4 64. g5 Ke5 65. g6 Kf6 66. c5 Ke7 67. g7 Kd7 68. g8Q Qxg8 69. c6+ Kd6 70. b7 Qb8 71. Kb6 Qc7+ 72. Ka7 Kxc6 73. h4 Qb6+ 74. Ka8 Qxb7# 0-1